[Event "4NCL"]
[Site "Barcelo Hotel, Daventry, ENG"]
[Date "2010.11.06"]
[Round "1.14"]
[White "Thomas, Nicholas"]
[Black "Turner, Matthew J"]
[Result "0-1"]
[WhiteElo "2286"]
[BlackElo "2517"]
[PlyCount "100"]
[EventDate "2010.??.??"]
[WhiteTeam "Warwickshire Select 1"]
[BlackTeam "Barbican 4NCL 1"]

1. e4 c5 2. Nc3 Nc6 3. g3 g6 4. Bg2 Bg7 5. d3 d6 6. f4 e6 7. Nf3 Nge7 8. O-O
O-O 9. Be3 b6 10. d4 d5 11. exd5 Nf5 12. Bf2 Ncxd4 13. Ne5 exd5 14. Nxd5 Be6
15. c4 b5 16. Ne3 Nxe3 17. Bxe3 Bxc4 18. Nxc4 bxc4 19. Bd2 Rb8 20. Bc3 Nf5 21.
Bxg7 Kxg7 22. Qxd8 Rfxd8 23. Rf2 Ne3 24. Bf3 Rd3 25. Rc1 c3 26. bxc3 Rxc3 27.
Re1 Nc2 28. Rc1 Ne3 29. Re1 h5 30. f5 Nxf5 31. Bxh5 Rb6 32. Bg4 Ne3 33. Rf3 Nd5
34. Rxc3 Nxc3 35. Rc1 Rb1 36. Rxb1 Nxb1 37. Kf2 Nc3 38. a3 Nb5 39. a4 Nd6 40.
a5 Kf6 41. Be2 Ke5 42. Ke3 c4 43. Bg4 f6 44. a6 Kd5 45. h4 Ke5 46. Bd7 Nf5+ 47.
Bxf5 Kxf5 48. Kf3 Ke5 49. g4 f5 50. gxf5 gxf5 0-1

[Event "4NCL"]
[Site "Barcelo Hotel, Daventry, ENG"]
[Date "2010.11.06"]
[Round "1.14"]
[White "D'Costa, Lorin AR"]
[Black "Mason, Donald J"]
[Result "1-0"]
[WhiteElo "2461"]
[BlackElo "2255"]
[PlyCount "85"]
[EventDate "2010.??.??"]
[WhiteTeam "Barbican 4NCL 1"]
[BlackTeam "Warwickshire Select 1"]

1. d4 Nf6 2. c4 e6 3. g3 c5 4. d5 exd5 5. cxd5 d6 6. Nc3 g6 7. Nf3 Bg7 8. Bg2
O-O 9. O-O Re8 10. Nd2 a6 11. a4 Nbd7 12. h3 Rb8 13. Nc4 Ne5 14. Na3 Nh5 15. e4
Rf8 16. Kh2 f5 17. f4 b5 18. axb5 axb5 19. fxe5 Nxg3 20. Rf3 Bxe5 21. Rxg3
Bxg3+ 22. Kxg3 b4 23. Nc4 bxc3 24. bxc3 Qf6 25. Qf3 Rb3 26. Bd2 f4+ 27. Kh2 g5
28. Re1 Qh6 29. Kg1 Ba6 30. Bf1 Bxc4 31. Bxc4 Rb2 32. Bc1 Qh4 33. Rf1 Rb1 34.
Bd2 Rfb8 35. Bd3 Rxf1+ 36. Kxf1 c4 37. Be1 cxd3 38. Bxh4 Rb1+ 39. Kg2 d2 40.
Qg4 h6 41. Qe6+ Kg7 42. Qe7+ Kg8 43. Qe8+ 1-0

[Event "4NCL"]
[Site "Barcelo Hotel, Daventry, ENG"]
[Date "2010.11.06"]
[Round "1.14"]
[White "Hynes, AM (Tony)"]
[Black "Collins, Sam E"]
[Result "1-0"]
[WhiteElo "2190"]
[BlackElo "2431"]
[PlyCount "80"]
[EventDate "2010.??.??"]
[WhiteTeam "Warwickshire Select 1"]
[BlackTeam "Barbican 4NCL 1"]

1. e4 Nf6 2. e5 Nd5 3. d4 d6 4. c4 Nb6 5. f4 Bf5 6. Nc3 e6 7. Nf3 Na6 8. Be2 c5
9. O-O dxe5 10. dxe5 Nb4 11. Qb3 Be7 12. Rd1 Qb8 13. Ne1 O-O 14. Be3 f6 15.
exf6 gxf6 16. a3 Nc6 17. Nf3 Nd4 18. Nxd4 cxd4 19. Bxd4 Qxf4 20. Bxb6 axb6 21.
Qxb6 Kh8 22. Rd7 Rg8 23. Rf1 Qg5 24. Bf3 Ra6 25. Qf2 Qg7 26. Rxb7 Rd6 27. c5
Rd3 28. c6 Qf8 29. Kh1 Bc5 30. Qe2 Qh6 31. Ne4 Re3 32. Qc4 Bh3 33. Ng3 Bd6 34.
gxh3 Bxg3 35. Bg4 f5 36. c7 Bxc7 37. Qxc7 fxg4 38. hxg4 Qh3 39. Qf4 Qxg4 40.
Qf6+ Rg7 1-0

[Event "4NCL"]
[Site "Barcelo Hotel, Daventry, ENG"]
[Date "2010.11.06"]
[Round "1.14"]
[White "Ferguson, Mark"]
[Black "Pitcher, John"]
[Result "1-0"]
[WhiteElo "2379"]
[BlackElo "2217"]
[PlyCount "47"]
[EventDate "2010.??.??"]
[WhiteTeam "Barbican 4NCL 1"]
[BlackTeam "Warwickshire Select 1"]

1. e4 c5 2. Nf3 e6 3. b3 b6 4. Bb2 Bb7 5. Qe2 d6 6. d4 cxd4 7. Nxd4 Nd7 8. Nc3
Ngf6 9. O-O-O a6 10. g4 h6 11. Bg2 g6 12. f4 e5 13. Nf3 Qc7 14. Nd5 Nxd5 15.
exd5 Bg7 16. fxe5 O-O 17. exd6 Qxd6 18. Qd2 Nf6 19. Ne5 Nxd5 20. Nc4 Bxb2+ 21.
Kxb2 Qc7 22. Bxd5 Rad8 23. Qg2 b5 24. Nd6 1-0

[Event "4NCL"]
[Site "Barcelo Hotel, Daventry, ENG"]
[Date "2010.11.06"]
[Round "1.14"]
[White "Clarke, Brandon GI"]
[Black "Knott, Simon JB"]
[Result "0-1"]
[WhiteElo "2110"]
[BlackElo "2333"]
[PlyCount "126"]
[EventDate "2010.??.??"]
[WhiteTeam "Warwickshire Select 1"]
[BlackTeam "Barbican 4NCL 1"]

1. e4 e6 2. d4 d5 3. e5 c5 4. c3 Qb6 5. Nf3 Nc6 6. Bd3 cxd4 7. cxd4 Bd7 8. O-O
Nxd4 9. Nbd2 Nxf3+ 10. Nxf3 Bb5 11. Be3 Qa6 12. Bxb5+ Qxb5 13. Rc1 Qd7 14. Nd4
Ne7 15. f4 g6 16. Qd3 Nc6 17. Nxc6 bxc6 18. Bc5 Bxc5+ 19. Rxc5 O-O 20. Rfc1
Rfb8 21. Qc2 Rb4 22. g3 Rc8 23. a3 Rb6 24. b4 Qb7 25. Kf2 Rb5 26. Rxc6 Rxc6 27.
Qxc6 Qxc6 28. Rxc6 a5 29. bxa5 Rxa5 30. Rc3 h6 31. h4 g5 32. h5 Ra4 33. Kf3 Kg7
34. Kg4 gxf4 35. gxf4 Rd4 36. Rb3 Rc4 37. Kf3 Rc1 38. Rd3 f6 39. Rb3 Rf1+ 40.
Kg4 fxe5 41. fxe5 Re1 42. Rb7+ Kf8 43. Rh7 Re4+ 44. Kf3 Rxe5 45. Rxh6 Kg7 46.
Rg6+ Kf7 47. Rh6 Re4 48. Rh7+ Kf6 49. Ra7 Rh4 50. a4 Rxh5 51. a5 Rh3+ 52. Kf4
Rh4+ 53. Ke3 Ke5 54. a6 Rh3+ 55. Kd2 Ra3 56. Ra8 Kd4 57. a7 e5 58. Ke2 e4 59.
Kd2 Ra2+ 60. Ke1 Ke3 61. Kd1 d4 62. Kc1 Kd3 63. Kb1 Ra6 0-1

[Event "4NCL"]
[Site "Barcelo Hotel, Daventry, ENG"]
[Date "2010.11.06"]
[Round "1.14"]
[White "Cox, John J"]
[Black "Baruch, Andrew JD"]
[Result "1-0"]
[WhiteElo "2398"]
[BlackElo "2113"]
[PlyCount "93"]
[EventDate "2010.??.??"]
[WhiteTeam "Barbican 4NCL 1"]
[BlackTeam "Warwickshire Select 1"]

1. c4 g6 2. g3 Bg7 3. Bg2 e5 4. Nc3 Nc6 5. e4 d6 6. Nge2 h5 7. h4 Nh6 8. d3 Nd4
9. Nxd4 exd4 10. Ne2 Ng4 11. f3 Ne3 12. Bxe3 dxe3 13. Qc1 c6 14. O-O O-O 15.
Rb1 Qa5 16. a3 d5 17. cxd5 cxd5 18. Qxe3 dxe4 19. dxe4 Be6 20. f4 Bc4 21. e5
Rfd8 22. Rfd1 Bf8 23. Kh2 Bc5 24. Qc3 Qxc3 25. Nxc3 Bb3 26. Rxd8+ Rxd8 27. Re1
Rd3 28. Re2 b6 29. Ne4 Bd4 30. Nf6+ Kg7 31. Be4 Rd1 32. Bc2 Bxc2 33. Rxc2 Rb1
34. b4 Ra1 35. Rd2 Bc3 36. Rd8 Rxa3 37. Rg8+ Kh6 38. Rh8+ Kg7 39. Rg8+ Kh6 40.
Ne8 Kh7 41. Rg7+ Kh8 42. Rxf7 Kg8 43. Rc7 Bxb4 44. Nf6+ Kf8 45. e6 Ra2+ 46. Kh3
Re2 47. Rf7# 1-0

[Event "4NCL"]
[Site "Barcelo Hotel, Daventry, ENG"]
[Date "2010.11.06"]
[Round "1.14"]
[White "Weaving, Richard"]
[Black "Rogers, Jonathan W"]
[Result "1/2-1/2"]
[WhiteElo "2027"]
[BlackElo "2338"]
[PlyCount "129"]
[EventDate "2010.??.??"]
[WhiteTeam "Warwickshire Select 1"]
[BlackTeam "Barbican 4NCL 1"]

1. e4 d5 2. exd5 Nf6 3. c4 c6 4. d4 cxd5 5. Nc3 g6 6. cxd5 Bg7 7. Qb3 O-O 8.
Be2 Na6 9. Bf3 h6 10. Nge2 g5 11. h3 Nc7 12. O-O Rb8 13. a4 a6 14. a5 Qd6 15.
Ng3 Kh8 16. Nge4 Nxe4 17. Nxe4 Qxd5 18. Qxd5 Nxd5 19. Nxg5 Nb4 20. Ra4 Nc2 21.
Be4 Nxd4 22. Nf3 Ne2+ 23. Kh1 Nxc1 24. Rxc1 Bxb2 25. Rb1 Bf6 26. Rab4 Rd8 27.
Rb6 Kg7 28. Rc1 Rd6 29. Rc7 Rd1+ 30. Kh2 Ra1 31. Rc5 Ra4 32. Bd3 Ra8 33. Rb3 e6
34. Nd2 Be7 35. Rc2 Rxa5 36. Nc4 Rc5 37. Nb6 Rb8 38. Rbc3 Rc6 39. Rxc6 bxc6 40.
Nxc8 Rxc8 41. Bxa6 Rc7 42. Kg3 c5 43. Bc4 Rb7 44. Kf3 Bf6 45. Ke2 Bd4 46. Bd3
Kf6 47. Ra2 Ke5 48. Rc2 Ra7 49. Bc4 Ra3 50. Bb5 Kd5 51. Bc4+ Ke4 52. Bb5 Bc3
53. Be8 f6 54. Bf7 e5 55. Ra2 Rxa2+ 56. Bxa2 Kd4 57. Be6 Ba5 58. Bf5 c4 59. f3
Kc3 60. g4 Bb6 61. h4 Kb2 62. Kd1 c3 63. h5 Kb3 64. Bc2+ Kc4 65. Ke2 1/2-1/2

[Event "4NCL"]
[Site "Barcelo Hotel, Daventry, ENG"]
[Date "2010.11.06"]
[Round "1.14"]
[White "Lauterbach, Ingrid"]
[Black "Stepanyan, Astghik"]
[Result "1-0"]
[WhiteElo "2169"]
[BlackElo "1823"]
[PlyCount "136"]
[EventDate "2010.??.??"]
[WhiteTeam "Barbican 4NCL 1"]
[BlackTeam "Warwickshire Select 1"]

1. e4 c5 2. Nf3 Nc6 3. Bb5 Nf6 {0} 4. e5 Nd5 5. O-O g6 6. Re1 Bg7 7. c3 Qc7 8.
d4 cxd4 9. cxd4 a6 10. Bc4 Nb6 11. Bf1 d5 12. Na3 Bf5 13. Bf4 O-O 14. Rc1 Rfc8
15. Qd2 Qd7 16. b3 Bf8 17. Bh6 Qe8 18. Bxf8 Qxf8 19. Nc2 Be4 20. Ng5 Bxc2 21.
Rxc2 e6 22. Qf4 Nb4 23. Rxc8 Rxc8 24. Rc1 Nxa2 25. Rxc8 Nxc8 26. Nxf7 Qxf7 27.
Qd2 Ne7 28. Qxa2 Qf4 29. Qa5 Qxd4 30. Qd8+ Kf7 31. Qh8 Qh4 32. g3 Qg5 33. Qxh7+
Kf8 34. Qh8+ Kf7 35. Qb8 b5 36. Qd6 a5 37. Bxb5 Qc1+ 38. Kg2 Qc2 39. Qb8 Qe4+
40. Kg1 Qe1+ 41. Kg2 Qe4+ 42. f3 Qc2+ 43. Kg1 Qb1+ 44. Kf2 Qc2+ 45. Be2 Qc5+
46. Kg2 Qc2 47. Qb5 Nc6 48. Kf1 Nxe5 49. Qxa5 {0} Qc1+ 50. Kg2 Nc6 51. Qc7+ Kf6
52. Qd6 Ne7 53. b4 Qe3 54. Kf1 Qh6 55. g4 Qh3+ 56. Kg1 Qh4 57. Qf4+ Kg7 58.
Qe5+ Kf7 59. Bb5 Qh6 60. g5 Qg7 61. Be8+ Kf8 62. Qxg7+ Kxg7 63. b5 Nf5 64. b6
Nd6 65. Bc6 d4 66. b7 Nxb7 67. Bxb7 e5 68. Kf2 Kf7 1-0

[Event "4NCL"]
[Site "Barcelo Hotel, Daventry, ENG"]
[Date "2010.11.06"]
[Round "1.15"]
[White "Rendle, Thomas E"]
[Black "Pert, Nicholas"]
[Result "0-1"]
[WhiteElo "2400"]
[BlackElo "2561"]
[PlyCount "86"]
[EventDate "2010.??.??"]
[WhiteTeam "Sambuca Sharks"]
[BlackTeam "Wood Green Hilsmark 1"]

1. e4 c5 2. Nc3 Nc6 3. Bb5 Nd4 4. Bc4 g6 5. Nf3 Bg7 6. Nxd4 cxd4 7. Qf3 Nh6 8.
Ne2 O-O 9. Bb3 a5 10. a4 d6 11. h3 Kh8 12. d3 e5 13. g4 Qh4 14. Qg3 Qxg3 15.
Nxg3 Be6 16. Ra3 Rac8 17. Bxe6 fxe6 18. c3 Ng8 19. Bd2 Nf6 20. Ke2 Nd7 21. Rc1
Nc5 22. g5 Rc6 23. cxd4 exd4 24. f4 Rfc8 25. Rb1 Ra8 26. b4 axb4 27. Rxb4 Rca6
28. Rb5 Nxa4 29. Kf3 Nc5 30. Rxa6 bxa6 31. Rb6 d5 32. Bb4 Nxd3 33. Ba3 Bf8 34.
Bxf8 Rxf8 35. f5 exf5 36. Rxa6 f4 37. Nh5 Ne5+ 38. Kf2 d3 39. Nf6 Kg7 40. h4 f3
41. Rd6 Ra8 42. Rxd5 Ra2+ 43. Kf1 d2 0-1

[Event "4NCL"]
[Site "Barcelo Hotel, Daventry, ENG"]
[Date "2010.11.06"]
[Round "1.15"]
[White "Gordon, Stephen J"]
[Black "Adair, James"]
[Result "1/2-1/2"]
[WhiteElo "2528"]
[BlackElo "2208"]
[PlyCount "114"]
[EventDate "2010.??.??"]
[WhiteTeam "Wood Green Hilsmark 1"]
[BlackTeam "Sambuca Sharks"]

1. d4 Nf6 2. c4 e6 3. Nf3 b6 4. g3 Ba6 5. Qc2 Bb4+ 6. Bd2 Be7 7. e4 d5 8. cxd5
Bxf1 9. Kxf1 exd5 10. e5 Ne4 11. Nc3 Nxc3 12. bxc3 c5 13. Kg2 Nc6 14. Rhe1 Qd7
15. Bg5 O-O 16. Bxe7 Qxe7 17. dxc5 bxc5 18. Rad1 Rad8 19. Qa4 Qc7 20. Qb5 Ne7
21. e6 f6 22. Rb1 Rb8 23. Qd7 Qxd7 24. exd7 Kf7 25. Rxb8 Rxb8 26. Rb1 Rd8 27.
Rb5 Rxd7 28. Rxc5 Ke6 29. Nd4+ Ke5 30. Kf3 Nf5 31. Nxf5 Kxf5 32. Ra5 Ke5 33.
Ke3 Rc7 34. f4+ Kd6 35. Kd4 Rc4+ 36. Kd3 Rc7 37. Ra4 Re7 38. Ra6+ Kc5 39. Ra5+
Kd6 40. Kd4 Re4+ 41. Kd3 Re7 42. Ra6+ Kc5 43. f5 Rc7 44. Re6 Rb7 45. a4 Rd7 46.
Ra6 Rc7 47. g4 Re7 48. h3 Rc7 49. Re6 Rd7 50. Re8 Rc7 51. Rb8 Re7 52. Rb5+ Kc6
53. Ra5 Kd6 54. Ra6+ Kc5 55. Ra5+ Kc6 56. Ra6+ Kc5 57. Ra5+ Kc6 1/2-1/2

[Event "4NCL"]
[Site "Barcelo Hotel, Daventry, ENG"]
[Date "2010.11.06"]
[Round "1.15"]
[White "Lalic, Bogdan"]
[Black "Varnam, Liam D"]
[Result "1-0"]
[WhiteElo "2495"]
[BlackElo "2116"]
[PlyCount "115"]
[EventDate "2010.??.??"]
[WhiteTeam "Wood Green Hilsmark 1"]
[BlackTeam "Sambuca Sharks"]

1. d4 d5 2. c4 Nc6 3. Nc3 dxc4 4. Nf3 Nf6 5. Bg5 Bg4 6. d5 Bxf3 7. exf3 Ne5 8.
f4 Ned7 9. Bxc4 g6 10. O-O Bg7 11. Re1 O-O 12. Qf3 Nb6 13. Bb3 Qd7 14. Rad1 a5
15. a4 Nc8 16. Qe2 Re8 17. Qb5 c6 18. dxc6 Qxc6 19. Qd3 Nb6 20. f5 Kf8 21. fxg6
hxg6 22. Nb5 Rab8 23. Bf4 Ra8 24. Rc1 Qd7 25. Qxd7 Nfxd7 26. Nc7 Bxb2 27. Nxa8
Nxa8 28. Rc2 Ba3 29. Bh6+ Kg8 30. Bd2 b6 31. Bd5 Bc5 32. Bc6 Rd8 33. Bxd7 Rxd7
34. Bxa5 Ra7 35. Bc3 Rxa4 36. Ra1 Rxa1+ 37. Bxa1 f6 38. h4 Kg7 39. Re2 Nc7 40.
Bd4 e5 41. Bxc5 bxc5 42. f4 Ne6 43. fxe5 Nd4 44. exf6+ Kxf6 45. Re8 Nf5 46. h5
gxh5 47. Rc8 Kg5 48. Rxc5 Kf4 49. Kf2 Ng3 50. Rc4+ Ne4+ 51. Kg1 Kf5 52. Kh2 Nd6
53. Rd4 Ne8 54. Kg3 Ng7 55. Kh4 Kg6 56. Rd6+ Kf5 57. Rd5+ Kg6 58. Rg5+ 1-0

[Event "4NCL"]
[Site "Barcelo Hotel, Daventry, ENG"]
[Date "2010.11.06"]
[Round "1.15"]
[White "Williams, Samuel G"]
[Black "Tissir, Mohamed"]
[Result "1-0"]
[WhiteElo "2190"]
[BlackElo "2474"]
[PlyCount "51"]
[EventDate "2010.??.??"]
[WhiteTeam "Sambuca Sharks"]
[BlackTeam "Wood Green Hilsmark 1"]

1. d4 Nf6 2. c4 g6 3. Nc3 Bg7 4. e4 d6 5. Nf3 O-O $2 6. Be2 Nbd7 7. O-O $2 e5
8. Be3 h6 9. dxe5 dxe5 10. h3 c6 11. Qd2 Kh7 12. c5 Ne8 13. Rad1 Qe7 14. b4 f5
15. Qc2 Ndf6 16. Bc1 fxe4 17. Nxe4 Nd5 18. Qb3 Kh8 19. Bc4 Nf4 20. Rfe1 g5 21.
Nd6 Nxd6 22. cxd6 Qe8 23. Nxe5 Nd5 24. Bxd5 cxd5 25. Qxd5 Be6 26. d7 1-0

[Event "4NCL"]
[Site "Barcelo Hotel, Daventry, ENG"]
[Date "2010.11.06"]
[Round "1.15"]
[White "Houska, Jovanka"]
[Black "Makepeace, Philip J"]
[Result "1-0"]
[WhiteElo "2426"]
[BlackElo "2088"]
[PlyCount "93"]
[EventDate "2010.??.??"]
[WhiteTeam "Wood Green Hilsmark 1"]
[BlackTeam "Sambuca Sharks"]

1. d4 d5 2. Nf3 e6 3. c4 Nf6 4. Qc2 Be7 5. Bg5 O-O 6. e3 Nbd7 7. Nc3 b6 8. cxd5
exd5 9. Bd3 c5 10. Ne5 c4 11. Bxh7+ Nxh7 12. Nc6 Nxg5 13. Nxd8 Bxd8 14. Nxd5 b5
15. Nf4 Ba5+ 16. Kf1 Nf6 17. f3 Ne6 18. Nxe6 Nd5 19. Kf2 Nb4 20. Qe2 Bxe6 21.
Rhd1 a6 22. e4 Bb6 23. Kf1 c3 24. d5 c2 25. Rd2 Bxd5 26. Rxd5 Nxd5 27. exd5
Rac8 28. Rc1 Rfe8 29. Rxc2 Rcd8 30. Qd2 Re5 31. d6 Re6 32. d7 Kf8 33. Rc8 Ke7
34. Qg5+ Kxd7 35. Rxd8+ Bxd8 36. Qxg7 Ke8 37. Qg8+ Ke7 38. h4 Bc7 39. h5 Bf4
40. g3 Bc1 41. b3 Rd6 42. Qc8 Bh6 43. f4 Bg7 44. Ke2 Re6+ 45. Kf3 f5 46. Qg8
Kf6 47. Qh7 1-0

[Event "4NCL"]
[Site "Barcelo Hotel, Daventry, ENG"]
[Date "2010.11.06"]
[Round "1.15"]
[White "Foster, James J"]
[Black "Pein, Malcolm"]
[Result "1/2-1/2"]
[WhiteElo "2082"]
[BlackElo "2390"]
[PlyCount "70"]
[EventDate "2010.??.??"]
[WhiteTeam "Sambuca Sharks"]
[BlackTeam "Wood Green Hilsmark 1"]

1. c4 e5 2. Nc3 Nf6 3. e4 Bc5 4. d3 c6 5. Nf3 d6 6. Bg5 O-O 7. a3 Re8 8. b4 Bd4
9. Nxd4 exd4 10. Ne2 d5 11. f3 dxc4 12. dxc4 c5 13. bxc5 Nc6 14. Qd2 h6 15.
Bxf6 Qxf6 16. Rd1 Be6 17. Nf4 Rad8 18. Kf2 Qe7 19. Nd5 Qxc5 20. Bd3 Qxa3 21.
Ra1 Qd6 22. Rhb1 b6 23. Kg1 Rc8 24. f4 f6 25. Rf1 Na5 26. e5 fxe5 27. fxe5 Qxe5
28. Rae1 Qg5 29. Qe2 Bf7 30. Ne7+ Rxe7 31. Qxe7 Qxe7 32. Rxe7 Bxc4 33. Bxc4+
Nxc4 34. Rff7 d3 35. Rxg7+ Kf8 1/2-1/2

[Event "4NCL"]
[Site "Barcelo Hotel, Daventry, ENG"]
[Date "2010.11.06"]
[Round "1.15"]
[White "Tiller, Bjorn"]
[Black "York-Andersen, Anna"]
[Result "1-0"]
[WhiteElo "2393"]
[BlackElo "1874"]
[PlyCount "63"]
[EventDate "2010.??.??"]
[WhiteTeam "Wood Green Hilsmark 1"]
[BlackTeam "Sambuca Sharks"]

1. f4 c6 2. Nf3 d5 3. g3 Nf6 4. Bg2 Nbd7 5. d3 Qc7 6. Nc3 e6 7. e4 dxe4 8. dxe4
Bb4 9. e5 Nd5 10. Bd2 Nxc3 11. Bxc3 Bxc3+ 12. bxc3 Qa5 13. Qd4 c5 14. Qd3 Nb6
15. Ng5 Na4 16. Ne4 O-O 17. O-O Rd8 18. Qe3 Qc7 19. Rab1 Rb8 20. Nd6 b6 21. g4
Bd7 22. c4 Bc6 23. Bxc6 Qxc6 24. f5 exf5 25. gxf5 f6 26. Rbd1 fxe5 27. Qxe5 Qc7
28. f6 gxf6 29. Qe6+ Kh8 30. Nf7+ Kg7 31. Qxf6+ Kg8 32. Qh8# 1-0

[Event "4NCL"]
[Site "Barcelo Hotel, Daventry, ENG"]
[Date "2010.11.06"]
[Round "1.16"]
[White "Pinter, Gabor"]
[Black "Zakarian, David"]
[Result "1/2-1/2"]
[WhiteElo "2363"]
[BlackElo "2362"]
[PlyCount "102"]
[EventDate "2010.??.??"]
[WhiteTeam "Cambridge University 1"]
[BlackTeam "Oxford 1"]

1. e4 c5 2. Nf3 Nc6 3. d4 cxd4 4. Nxd4 e5 5. Nb5 d6 6. c4 Be7 7. N1c3 a6 8. Na3
Be6 9. Be2 Bg5 10. O-O h6 11. Nc2 Nf6 12. Qd3 O-O 13. Bxg5 hxg5 14. Rfd1 Ne8
15. Qe3 Qe7 16. b4 Rc8 17. Rac1 g6 18. b5 Nb8 19. Nb4 Kg7 20. Ncd5 Qd8 21. Nb6
Rc7 22. N4d5 Bxd5 23. Nxd5 Rc5 24. Nc3 Nd7 25. Na4 Rc8 26. bxa6 bxa6 27. c5 Qa5
28. Nb6 Nxb6 29. cxb6 Rxc1 30. Rxc1 Nf6 31. b7 Qxa2 32. Qd3 Rb8 33. Rc7 Qa1+
34. Bf1 Qb2 35. Qc4 d5 36. exd5 Ne8 37. Rc8 Qxb7 38. Rxb8 Qxb8 39. Qxa6 Qd6 40.
Qb7 Qc5 41. Qc6 Qxc6 42. dxc6 Kf8 43. g3 Ke7 44. Kg2 Nd6 45. Kf3 f5 46. Ke3 Kd8
47. f4 gxf4+ 48. gxf4 e4 49. Kd4 Kc7 50. Kd5 e3 51. Kd4 Kxc6 1/2-1/2

[Event "4NCL"]
[Site "Barcelo Hotel, Daventry, ENG"]
[Date "2010.11.06"]
[Round "1.16"]
[White "Rose, Matthew"]
[Black "Dearing, Edward J"]
[Result "1-0"]
[WhiteElo "2276"]
[BlackElo "2412"]
[PlyCount "43"]
[EventDate "2010.??.??"]
[WhiteTeam "Oxford 1"]
[BlackTeam "Cambridge University 1"]

1. e4 c5 2. Nc3 a6 3. Nge2 e6 4. g3 b5 5. Bg2 Bb7 6. O-O $2 Nf6 7. d4 cxd4 8.
Nxd4 d6 9. Re1 Qc7 10. Bg5 Be7 11. Bxf6 gxf6 12. Qh5 Bc8 13. Nf5 exf5 14. Nd5
Qc5 15. Nxe7 Kxe7 16. exf5+ Kd8 17. Qxf7 Ra7 18. Qxf6+ Kc7 19. Qxh8 Bxf5 20.
Rad1 Nd7 21. Re3 b4 22. c3 1-0

[Event "4NCL"]
[Site "Barcelo Hotel, Daventry, ENG"]
[Date "2010.11.06"]
[Round "1.16"]
[White "Mah, Karl CC"]
[Black "Savage, Ben DM"]
[Result "1/2-1/2"]
[WhiteElo "2428"]
[BlackElo "2289"]
[PlyCount "55"]
[EventDate "2010.??.??"]
[WhiteTeam "Cambridge University 1"]
[BlackTeam "Oxford 1"]

1. Nf3 f5 2. g3 Nf6 3. Bg2 d6 4. d4 e6 5. O-O Be7 6. c4 O-O 7. Nc3 a5 8. Re1
Ne4 9. Qc2 Nxc3 10. bxc3 Nc6 11. e4 e5 12. dxe5 dxe5 13. exf5 Rxf5 14. h4 Bc5
15. Be3 Qf8 16. Ng5 Bxe3 17. fxe3 g6 18. g4 Rf6 19. Rf1 Nd8 20. Bd5+ Kg7 21. h5
Qe7 22. h6+ Kxh6 23. Ne4 Rxf1+ 24. Rxf1 Kg7 25. Nf6 h6 26. Qh2 Ra6 27. g5 h5
28. c5 1/2-1/2

[Event "4NCL"]
[Site "Barcelo Hotel, Daventry, ENG"]
[Date "2010.11.06"]
[Round "1.16"]
[White "Shaw, David A"]
[Black "Moskovic, David M"]
[Result "1/2-1/2"]
[WhiteElo "2244"]
[BlackElo "2293"]
[PlyCount "41"]
[EventDate "2010.??.??"]
[WhiteTeam "Oxford 1"]
[BlackTeam "Cambridge University 1"]

1. e4 c5 2. Nf3 e6 3. d4 cxd4 4. Nxd4 a6 5. Bd3 Bc5 6. Nb3 Be7 7. O-O d6 8. f4
Nd7 9. Bd2 Ngf6 10. Bc3 e5 11. fxe5 Nxe5 12. N1d2 O-O 13. Qe1 Nfd7 14. Nc4 Nxc4
15. Bxc4 Ne5 16. Bd5 Bh4 17. Qe3 Bg5 18. Qg3 Bh4 19. Qe3 Bg5 20. Qg3 Bh4 21.
Qe3 1/2-1/2

[Event "4NCL"]
[Site "Barcelo Hotel, Daventry, ENG"]
[Date "2010.11.06"]
[Round "1.16"]
[White "Bisby, Daniel L"]
[Black "Rawlinson, Aidan M"]
[Result "1-0"]
[WhiteElo "2306"]
[BlackElo "2183"]
[PlyCount "102"]
[EventDate "2010.??.??"]
[WhiteTeam "Cambridge University 1"]
[BlackTeam "Oxford 1"]

1. d4 d5 2. c4 c6 3. Nf3 Nf6 4. e3 Bf5 5. Nc3 e6 6. Nh4 Bg6 7. Be2 Bd6 8. O-O
Ne4 9. g3 Nd7 10. Nxe4 Bxe4 11. f3 Bg6 12. Bd2 dxc4 13. Bxc4 c5 14. dxc5 Bxc5
15. Nxg6 hxg6 16. b4 Bd6 17. Be1 Qb6 18. Kg2 Ne5 19. Be2 O-O 20. Qb3 Rac8 21.
f4 Nc6 22. a3 e5 23. Bf2 a6 24. Rfd1 Qc7 25. Rac1 Qe7 26. Bc4 Bb8 27. Bd5 Ba7
28. Rc2 Rfd8 29. Rcd2 exf4 30. exf4 Bxf2 31. Kxf2 Re8 32. Bc4 Rcd8 33. Rxd8
Rxd8 34. Rxd8+ Nxd8 35. Qe3 Kf8 36. Qxe7+ Kxe7 37. Ke3 f6 38. Kd4 Kd6 39. Bd5
Nc6+ 40. Bxc6 Kxc6 41. a4 b6 42. Ke4 a5 43. bxa5 bxa5 44. Kd4 Kd6 45. Kc4 Kc6
46. h3 f5 47. h4 Kd6 48. Kb5 Kd5 49. Kxa5 Kc5 50. Ka6 Kc6 51. a5 Kc5 1-0

[Event "4NCL"]
[Site "Barcelo Hotel, Daventry, ENG"]
[Date "2010.11.06"]
[Round "1.16"]
[White "White, Michael JR"]
[Black "Eckersley-Waites, Adam"]
[Result "0-1"]
[WhiteElo "2217"]
[BlackElo "2216"]
[PlyCount "84"]
[EventDate "2010.??.??"]
[WhiteTeam "Oxford 1"]
[BlackTeam "Cambridge University 1"]

1. d4 Nf6 2. c4 g6 3. Nc3 Bg7 4. e4 d6 5. Nf3 O-O $2 6. Be2 Na6 7. O-O $2 e5 8.
Re1 c6 9. Bf1 Bg4 10. d5 cxd5 11. cxd5 Ne8 12. Be2 Bd7 13. Bg5 f6 14. Bh4 h5
15. Bg3 f5 16. exf5 gxf5 17. Qd2 Bf6 18. h4 f4 19. Bh2 Bxh4 20. Nxh4 Qxh4 21.
Ne4 Nf6 22. Nxd6 Ng4 23. Bxg4 hxg4 24. g3 Qh6 25. Nc4 Rf7 26. Nxe5 Rh7 27. f3
gxf3 28. Nxf3 Bg4 29. Ne5 Rg7 30. Re4 Qb6+ 31. Qd4 fxg3 32. Bxg3 Bf5 33. Qxb6
Rxg3+ 34. Kf2 axb6 35. Rf4 Rg5 36. Nf3 Rh5 37. Rg1+ Kf7 38. Ng5+ Kf6 39. Ne4+
Ke5 40. Ng3 Kxf4 41. Nxh5+ Ke5 42. Ke3 Nb4 0-1

[Event "4NCL"]
[Site "Barcelo Hotel, Daventry, ENG"]
[Date "2010.11.06"]
[Round "1.16"]
[White "Churm, Rohan M"]
[Black "Dickinson, Tim R"]
[Result "1-0"]
[WhiteElo "2153"]
[BlackElo "2155"]
[PlyCount "51"]
[EventDate "2010.??.??"]
[WhiteTeam "Cambridge University 1"]
[BlackTeam "Oxford 1"]

1. e4 c6 2. Nc3 d5 3. Nf3 Bg4 4. h3 Bxf3 5. Qxf3 e6 6. Be2 Nf6 7. O-O Be7 8. d3
O-O 9. Qg3 Re8 10. Kh1 Nfd7 11. f4 d4 12. Nb1 c5 13. Nd2 Nc6 14. Nf3 Nf6 15. a3
b5 16. Nh2 b4 17. b3 bxa3 18. Bxa3 a5 19. Ng4 Nxg4 20. Bxg4 e5 21. fxe5 Bf8 22.
e6 fxe6 23. Bh5 Bd6 24. Bf7+ Kh8 25. Bxe8 Bxg3 26. Rf8# 1-0

[Event "4NCL"]
[Site "Barcelo Hotel, Daventry, ENG"]
[Date "2010.11.06"]
[Round "1.16"]
[White "Lang, Heather LE"]
[Black "Chevannes, Sabrina L"]
[Result "0-1"]
[WhiteElo "2025"]
[BlackElo "2074"]
[PlyCount "76"]
[EventDate "2010.??.??"]
[WhiteTeam "Oxford 1"]
[BlackTeam "Cambridge University 1"]

1. e4 c6 2. Nc3 d5 3. Nf3 Bg4 4. d4 Nf6 5. e5 Nfd7 6. h3 Bxf3 7. Qxf3 e6 8. Bf4
Qb6 9. O-O-O a5 10. Qg3 Na6 11. Be3 Qc7 12. f4 a4 13. Qf3 Bb4 14. Ne2 a3 15. b3
Qa5 16. Rd3 Be1 17. c3 c5 18. g3 c4 19. b4 Nxb4 20. cxb4 Qxb4 21. Rd2 Bxd2+ 22.
Bxd2 Qb2+ 23. Kd1 Qxa2 24. Nc1 Qb1 25. f5 a2 26. fxe6 fxe6 27. Bxc4 a1=Q 28.
Bd3 Qb6 29. Bg5 Qa4+ 30. Ke1 Qbb4+ 31. Ke2 Qb2+ 32. Ke1 Qab4+ 33. Kd1 Q4xd4 34.
Bd2 Nxe5 35. Qh5+ g6 36. Qe2 O-O 37. Bxg6 hxg6 38. Rh2 Ra1 0-1

[Event "4NCL"]
[Site "Barcelo Hotel, Daventry, ENG"]
[Date "2010.11.06"]
[Round "1.17"]
[White "Poobalasingam, Peter S"]
[Black "Kosten, Anthony C"]
[Result "0-1"]
[WhiteElo "2332"]
[BlackElo "2513"]
[PlyCount "164"]
[EventDate "2010.??.??"]
[WhiteTeam "Barbican 4NCL 2"]
[BlackTeam "Guildford A&DC 1"]

1. d4 Nf6 2. c4 e6 3. g3 d5 4. Nf3 Bb4+ 5. Bd2 Bd6 6. Bg2 O-O 7. O-O c6 8. Qb3
Nbd7 9. Nc3 dxc4 10. Qxc4 e5 11. Bg5 exd4 12. Qxd4 Bc5 13. Qc4 h6 14. Bxf6 Qxf6
15. Nh4 Qd4 16. Qb3 Ne5 17. Rad1 Qb4 18. Qc2 Be6 19. Be4 Be7 20. Nf5 Bf6 21.
Nd4 Bh3 22. a3 Qb6 23. Bg2 Bxg2 24. Kxg2 Rfd8 25. Na4 Qc7 26. h3 Ng6 27. Nf5
Ne7 28. Ne3 Bd4 29. Qe4 c5 30. Nc3 Qc6 31. Qxc6 Nxc6 32. Ned5 Ne5 33. e3 Bxc3
34. Nxc3 Nd3 35. Ne4 f5 36. Nc3 Nxb2 37. Rb1 Rd2 38. e4 Nc4 39. Rfc1 Re8 40.
exf5 Ne3+ 41. Kg1 Nxf5 42. Rxb7 Nd4 43. Rc7 a6 44. Rb1 Nf3+ 45. Kf1 Rd3 46. Kg2
Rxc3 47. Rbb7 Ng5 48. Rxg7+ Kh8 49. h4 Ne6 50. Rh7+ Kg8 51. Rxh6 Nf8 52. Rh5
Re6 53. Rg5+ Rg6 54. Rf5 Rg7 55. Rb6 Rxa3 56. Rxc5 Nd7 57. Rc8+ Kh7 58. Re6 Ra2
59. Rcc6 a5 60. Rh6+ Kg8 61. Rc8+ Kf7 62. Rc7 Ke7 63. Kh3 Rxf2 64. Ra6 Kd8 65.
Rc3 Rf5 66. g4 Rf4 67. Rg3 a4 68. g5 Nc5 69. Ra8+ Ke7 70. Rc3 Kd6 71. Rd8+ Rd7
72. Rc8 Ne4 73. Re3 Re7 74. g6 a3 75. Rd8+ Kc5 76. Re1 a2 77. Rc1+ Kb4 78. Rb8+
Ka3 79. h5 Re5 80. Rh8 Rg5 81. Ra8+ Kb2 82. Rxa2+ Kxc1 0-1